A lélek Istennel való magányos beszélgetéseinek könyve

Elmentve itt :
Bibliográfiai részletek
Szerző: Ágoston, Szent
Adatforrás:Philobibl
Dokumentumtípus: Könyv
Nyelv:magyar
Kulcsszavak:patrisztika
vallásfilozófia
Megjelent: Bp. Élet ny. 1922
LEADER 00485nam a2200157 c 4500
001 bibDOK00006848
005 20200924120253.1
008 060518s1922 hu hun
100 1 |a Ágoston, Szent 
245 1 2 |a A lélek Istennel való magányos beszélgetéseinek könyve  |c Ágoston, Szent 
260 |a Bp.  |b Élet ny.  |c 1922 
300 |a 168 p. 
500 |a Némethy Ernő (ford.) 
500 |a Ua. 2. kiad. 1938. Szent István Társ. 170 p. 
695 |a patrisztika 
695 |a vallásfilozófia